Music Quiz

Random Music Quiz
Score 0/279 Timer 20:00
0 Plays Today
Album Answer % Correct
Bad Religion (E.P.)Bad Religion
93.6%
Back to the Known (E.P.)Bad Religion
93.6%
SufferSuffer
93.6%
Against the GrainAgainst the Grain
93.6%
Stranger than FictionStranger than Fiction
93.6%
No ControlNo Control
91.5%
No ControlYou
91.5%
Against the Grain21st Century (Digital Boy)
91.5%
GeneratorGenerator
91.5%
Stranger than Fiction21st Century (Digital Boy)
91.5%
The Gray RacePunk Rock Song
91.5%
No SubstanceNo Substance
89.4%
The New AmericaNew America
89.4%
True NorthTrue North
89.4%
Recipe for HateRecipe for Hate
87.2%
Stranger than FictionInfected
87.2%
The Gray RaceThe Gray Race
87.2%
Age of UnreasonAge of Unreason
84%
How Could Hell Be Any Worse?F*** Armageddon... This Is Hell
83%
Against the GrainModern Man
78.7%
Against the GrainAnesthesia
78.7%
Recipe for HateAmerican Jesus
78.7%
The Gray RaceA Walk
78.7%
The Process of BeliefSorrow
78.7%
The Empire Strikes FirstThe Empire Strikes First
78.7%
Suffer1000 More Fools
76.6%
SufferPart IV (The Index Fossil)
76.6%
How Could Hell Be Any Worse?Part III
74.5%
SufferPart II (The Numbers Game)
74.5%
No ControlSanity
74.5%
No ControlBilly
74.5%
Recipe for HateSkyscraper
74.5%
Tested (Live)Tested
74.5%
The Empire Strikes FirstLos Angeles is Burning
74.5%
No ControlAutomatic Man
72.3%
Against the GrainBlenderhead
72.3%
Against the GrainWalk Away
72.3%
Recipe for HateKerosene
72.3%
Stranger than FictionTelevision
72.3%
Age of UnreasonMy Sanity
72%
Into the UnknownBilly Gnosis
70.2%
Back to the Known (E.P.)Frogger
70.2%
SufferYou Are (The Government)
70.2%
Against the GrainTurn on the Light
70.2%
GeneratorAtomic Garden
70.2%
True NorthF*** You
70.2%
How Could Hell Be Any Worse?Pity
68.1%
Recipe for HateStruck a Nerve
68.1%
Infected (Single)Markovian Process
68.1%
The Process of BeliefSupersonic
68.1%
Age of UnreasonCandidate
68%
Age of UnreasonBig Black Dog
68%
Bad Religion (E.P.)Drastic Actions
66%
How Could Hell Be Any Worse?Latch Key Kids
66%
How Could Hell Be Any Worse?Voice of God is Government
66%
Back to the Known (E.P.)Along the Way
66%
No ControlBig Bang
66%
GeneratorNo Direction
66%
Stranger than FictionIncomplete
66%
The Gray RaceCome Join Us
66%
The New AmericaI Love My Computer
66%
The Process of BeliefKyoto Now!
66%
The Empire Strikes FirstOverture
66%
The Empire Strikes FirstSinister Rouge
66%
New Maps of HellHonest Goodbye
66%
Back to the Known (E.P.)New Leaf
63.8%
No ControlI Want to Conquer the World
63.8%
Against the GrainGet Off
63.8%
GeneratorThe Answer
63.8%
The Gray RaceThe Streets of America
63.8%
The Gray RaceTen in 2010
63.8%
The Gray RaceDrunk Sincerity
63.8%
The Gray RaceCease
63.8%
No SubstanceHear It
63.8%
Against the GrainOperation Rescue
61.7%
GeneratorTomorrow
61.7%
GeneratorHeaven is Falling
61.7%
Recipe for HateStealth
61.7%
The Gray RaceSpirit Shine
61.7%
The Gray RaceVictory
61.7%
No SubstanceThe Biggest Killer in American History
61.7%
No SubstanceRaise Your Voice!
61.7%
The Process of BeliefBroken
61.7%
New Maps of Hell52 Seconds
61.7%
New Maps of HellDearly Beloved
61.7%
New Maps of HellFields of Mars
61.7%
True NorthDharma and the Bomb
61.7%
Age of UnreasonChaos from Within
61.5%
Age of UnreasonLose Your Head
61.5%
SufferDo What You Want
59.6%
Against the GrainGod Song
59.6%
GeneratorChimaera
59.6%
GeneratorOnly Entertainment
59.6%
Album Answer % Correct
Stranger than FictionIndividual
59.6%
Stranger than FictionMarked
59.6%
No SubstanceThe Hippy Killers
59.6%
No SubstanceIn So Many Ways
59.6%
The New AmericaA Streetkid Named Desire
59.6%
New Maps of HellNew Dark Ages
59.6%
Age of Unreason (Bonus Track)The Kids Are Alt-Right
59.3%
Age of UnreasonDo the Paranoid Style
57.7%
How Could Hell Be Any Worse?We're Only Gonna Die
57.4%
How Could Hell Be Any Worse?White Trash (2nd Generation)
57.4%
Into the UnknownIt's Only Over When...
57.4%
Into the Unknown...You Give Up
57.4%
Against the GrainQuality or Quantity
57.4%
GeneratorFertile Crescent
57.4%
Recipe for HateAll Good Soldiers
57.4%
Stranger than FictionLeave Mine to Me
57.4%
Stranger than FictionBetter Off Dead
57.4%
Infected (Single)News from the Front
57.4%
The Gray RaceParallel
57.4%
The Gray RaceEmpty Causes
57.4%
The New AmericaThe Hopeless Housewife
57.4%
The New AmericaDon't Sell Me Short
57.4%
The Process of BeliefCan't Stop It
57.4%
The Process of BeliefEvangeline
57.4%
New Maps of HellMurder
57.4%
Age of UnreasonEnd of History
56%
No ControlAnxiety
55.3%
Stranger than FictionSlumber
55.3%
The Gray RacePity the Dead
55.3%
No SubstanceAll Fantastic Images
55.3%
No SubstanceThe State of the End of the Millennium Address
55.3%
The New AmericaBelieve It
55.3%
The Empire Strikes FirstAtheist Peace
55.3%
The Empire Strikes FirstLet Them Eat War
55.3%
True NorthThe Island
55.3%
True NorthChanging Tide
55.3%
How Could Hell Be Any Worse?Eat Your Dog
53.2%
No ControlChange of Ideas
53.2%
No ControlThe World Won't Stop
53.2%
GeneratorTwo Babies in the Dark
53.2%
Recipe for HateWatch It Die
53.2%
Stranger than FictionWhat it Is
53.2%
Clerks: Music from the Motion Picture (Soundtrack)Leaders and Followers
53.2%
Tested (Live)Dream of Unity
53.2%
No SubstanceAt the Mercy of Imbeciles
53.2%
The New AmericaYou've Got a Chance
53.2%
The New AmericaA World Without Melody
53.2%
The New America1000 Memories
53.2%
The New AmericaLet it Burn
53.2%
The Process of BeliefProve It
53.2%
The Process of BeliefMaterialist
53.2%
The Process of BeliefThe Defense
53.2%
The Process of BeliefYou Don't Belong
53.2%
The Process of BeliefBored and Extremely Dangerous
53.2%
The Empire Strikes FirstSocial Suicide
53.2%
The Empire Strikes FirstBeyond Electric Dreams
53.2%
The Empire Strikes FirstLive Again (The Fall of Man)
53.2%
New Maps of HellGerms of Perfection
53.2%
Age of Unreason (Bonus Track)The Profane Rights of Man
51.9%
Bad Religion (E.P.)Politics
51.1%
How Could Hell Be Any Worse?Oligarchy
51.1%
No ControlHenchman
51.1%
Against the GrainFlat Earth Society
51.1%
Against the GrainFaith Alone
51.1%
Recipe for HateModern Day Catastrophists
51.1%
Stranger than FictionHooray for Me...
51.1%
The Gray RaceThem and Us
51.1%
The Gray RaceNobody Listens
51.1%
No SubstanceShades of Truth
51.1%
No SubstanceThe Voracious March of Godliness
51.1%
No SubstanceMediocre Minds
51.1%
No SubstanceThe Same Person
51.1%
New Maps of HellLost Pilgrim
51.1%
The Dissent of ManOnly Rain
51.1%
The Dissent of ManWrong Way Kids
51.1%
True NorthRobin Hood in Reverse
51.1%
True NorthHello Cruel World
51.1%
True NorthVanity
51.1%
Bad Religion (E.P.)World War III
48.9%
Into the UnknownChasing the Wild Goose
48.9%
SufferForbidden Beat
48.9%
Recipe for HateMan With a Mission
48.9%
Recipe for HateDon't Pray on Me
48.9%
Stranger than FictionInner Logic
48.9%
Tested (Live)It's Reciprocal
48.9%
The New AmericaIt's a Long Way to the Promised Land
48.9%
The New AmericaWhisper in Time
48.9%
The Empire Strikes FirstBoot Stamping On a Human Face Forever
48.9%
The Dissent of ManThe Devil in Stitches
48.9%
True NorthCrisis Time
48.9%
Into the UnknownTime and Disregard
46.8%
Back to the Known (E.P.)Yesterday
46.8%
SufferLand of Competition
46.8%
Album Answer % Correct
SufferBest for You
46.8%
Against the GrainThe Positive Aspect of Negative Thinking
46.8%
Against the GrainMisery and Famine
46.8%
Punk Rock Song (Single)The Dodo
46.8%
The New America (Japanese Version)Queen of the 21st Century
46.8%
How Could Hell Be Any Worse?Doing Time
44.7%
SufferWhen?
44.7%
SufferGive You Nothing
44.7%
SufferWhat Can You Do?
44.7%
SufferPessimistic Lines
44.7%
No ControlIt Must Look Pretty Appealing
44.7%
Stranger than FictionThe Handshake
44.7%
No SubstanceVictims of the Revolution
44.7%
New America (Single)Lose as Directed
44.7%
The Process of BeliefEpiphany
44.7%
The Empire Strikes FirstGod's Love
44.7%
New Maps of HellHeroes and Martyrs
44.7%
New Maps of HellProdigal Son
44.7%
The Dissent of ManThe Day That the Earth Stalled
44.7%
SufferHow Much is Enough?
42.6%
SufferDelirium of Disorder
42.6%
No ControlProgress
42.6%
Against the GrainEntropy
42.6%
Recipe for HatePortrait of Authority
42.6%
Recipe for HateMy Poor Friend Me
42.6%
Recipe for HateLookin' In
42.6%
Punk Rock Song (Single)The Universal Cynic
42.6%
No Substance (Bonus B-Side Disc)Follow the Leader
42.6%
New Maps of Hell (Deluxe Edition)Adam's Atoms
42.6%
The Dissent of ManTurn Your Back on Me
42.6%
True NorthDept. of False Hope
42.6%
Bad Religion (E.P.)Slaves
40.4%
How Could Hell Be Any Worse?Faith In God
40.4%
Into the UnknownThe Dichotomy
40.4%
No ControlSometimes I Feel Like
40.4%
No ControlI Want Something More
40.4%
The Process of BeliefThe Lie
40.4%
Punk-O-Rama 8 (Compilation)Shattered Faith
40.4%
The Empire Strikes FirstThe Quickening
40.4%
The Dissent of ManPride and the Pallor
40.4%
The Dissent of ManAvalon
40.4%
The Dissent of ManI Won't Say Anything
40.4%
Age of UnreasonDownfall
40%
Age of UnreasonWhat Tomorrow Brings
40%
Bad Religion (E.P.)Sensory Overload
38.3%
How Could Hell Be Any Worse?American Dream
38.3%
No SubstanceStrange Denial
38.3%
The New America (Japanese Version)The Fast Life
38.3%
The Empire Strikes FirstTo Another Abyss
38.3%
New Maps of Hell (Deluxe Edition)Chronophobia
38.3%
The Dissent of ManCyanide
38.3%
The Dissent of Man (Digital Download)Finite
38.3%
True NorthPast is Dead
38.3%
True NorthIn Their Hearts is Right
38.3%
Into the UnknownMillion Days
36.2%
Stranger than FictionTiny Voices
36.2%
True NorthPopular Consensus
36.2%
Short Songs for Short People (Compilation)Out of Hand
36.2%
New Maps of HellGrains of Wrath
36.2%
New Maps of HellSubmission Complete
36.2%
The Dissent of ManSomeone to Believe
36.2%
True NorthMy Head is Full of Ghosts
36.2%
Age of UnreasonThe Approach
36%
How Could Hell Be Any Worse?In the Night
34%
Against the GrainUnacceptable
31.9%
No SubstanceSowing the Seeds of Utopia
31.9%
New Maps of HellRequiem for Dissent
31.9%
New Maps of HellBefore You Die
31.9%
The Dissent of ManWon't Somebody
31.9%
The Dissent of ManWhere the Fun Is
31.9%
True NorthLand of Endless Greed
31.9%
How Could Hell Be Any Worse?Damned to Be Free
29.8%
GeneratorToo Much to Ask
29.8%
New America (Single)Pretenders
29.8%
The Process of BeliefDestined for Nothing
29.8%
The Empire Strikes FirstAll There Is
29.8%
21st Century (Digital Boy) (Single)Mediocrity
27.7%
The New AmericaThere Will Be a Way
27.7%
Punk-O-Rama 8 (Compilation)Who We Are
27.7%
The Empire Strikes First (Japanese Version)The Surface of Me
27.7%
The Dissent of ManResist Stance
27.7%
The Sound of Hollywood 2: Destroy L.A. (Compilation)Waiting for the Fire
25.5%
The Sound of Hollywood 2: Destroy L.A. (Compilation)Every Day
25.5%
New Maps of HellScrutiny
25.5%
True NorthNothing to Dismay
25.5%
Age of UnreasonOld Regime
24%
Into the UnknownLosing Generation
23.4%
New Maps of HellThe Grand Delusion
23.4%
The Dissent of ManMeeting of the Minds
23.4%
The Dissent of ManAd Hominem
23.4%
Age of UnreasonFaces of Grief
16%
Desperate Teenage Lovedolls (Soundtrack)Running Fast
14.9%
Age of UnreasonSince Now
12%
Come Together.
Have Fun.
All Virtual.
We all need to come together. Play Sporcle's virtual live trivia to have fun, connect with people, and get your trivia on. Join a live hosted trivia game for your favorite pub trivia experience done virtually. If a virtual private party is more your thing, go here for details.

You're not logged in!

Compare scores with friends on all Sporcle quizzes.
OR
Log In

Sporcle TV

Today on Sporcle TV


Watch our educational content, quiz creation guides, and fun videos on Sporcle TV.

Show Comments

Extras

Top Quizzes Today


Score Distribution

Paid Content

Your Account Isn't Verified!

In order to create a playlist on Sporcle, you need to verify the email address you used during registration. Go to your Sporcle Settings to finish the process.

Report this User

Report this user for behavior that violates our Community Guidelines.

Details: